Guide pratique des agents politiques du Ministere des affaires etrangeres (Запис номер 390776)
[ съкратено ]
| 000 -Лидер | |
|---|---|
| Контролно поле с фиксирана дължина | nam a22 a 4500 |
| 003 - Код на организацията, давaща контролен номер | |
| Контролно поле | BLK |
| 005 - Дата и час на последна редакция | |
| Контролно поле | 20201029111956.0 |
| 008 - Елементи от данни с фиксирана дължина | |
| fixed length control field | 180911b bul|||||r ||||||| ||bul|| |
| 010 ## - Наследен системен номер | |
| LC control number | 004530 |
| 040 ## - Източник на каталожния запис | |
| Идентификатор на билиотеката - собственик на записа | BLK |
| 041 ## - Код за език | |
| Код за езика на текст/звукозапис или на отделно заглавие | Френски |
| Код за езика КДБФ | Френски |
| 080 ## - УДК | |
| Текстов определител УДК | История на Франция |
| УДК код - определител по УДК | 94(44) |
| УДК - код + определител | 94(44) |
| 080 ## - УДК | |
| Текстов определител УДК | Дипломатическо право. Посланническо право. Дипломатически протокол(церемониал, етикет, йерархия) |
| УДК код - определител по УДК | 341.7 |
| УДК определител | (44) |
| УДК - код + определител | 341.7(44) |
| 080 ## - УДК | |
| Текстов определител УДК | История на Белгия |
| УДК код - определител по УДК | 94(493) |
| УДК - код + определител | 94(493) |
| 100 ## - Редна дума - Автор | |
| Автор | De La Vega, Garcia |
| R(LIN) | 1299 |
| Авторска отговорност | първи автор |
| 139 ## - Редно поле | |
| Редна дума | De La Vega, Garcia |
| 245 00 - Сведения за заглавието | |
| Заглавие | Guide pratique des agents politiques du Ministere des affaires etrangeres |
| Подзаглавни данни | Ceremonial national et ceremonial de la cour en Belgique |
| Редно поле (дума) | Garcia De La Vega. |
| 250 ## - Област на изданието | |
| Сведения за изданието | 3. Ed., rev., corr. et augm. |
| 257 ## - Страна на издаване | |
| Страна на създаване/издаване | Франция |
| 260 ## - Област на издателските данни | |
| Място на издаване, разпространение и проч. | Paris |
| Име на издателя, разпространителя и проч. | Ernest Thorin |
| Година на издаване | 1882 |
| 9 (RLIN) | 435712 |
| 300 ## - Физическа характеристика | |
| Страници | 686 c. |
| Размери/Мащаб | 21 см |
| 380 ## - Жанр | |
| Жанр | История |
| 490 ## - СЕРИИ (Колекции) | |
| Име на серия | Колекция Редки и ценни издания |
| 9 (RLIN) | 435080 |
| 650 #0 - Допълнително описание по предмет – тема | |
| 9 (RLIN) | 320945 |
| Основно описание – тема или топоним | Церемониал, дворцов |
| 653 #7 - Ключова дума – ненормативна | |
| 9 (RLIN) | 200435 |
| Ключова дума | церемониал |
| 653 #7 - Ключова дума – ненормативна | |
| 9 (RLIN) | 181789 |
| Ключова дума | Белгия |
| 653 #7 - Ключова дума – ненормативна | |
| 9 (RLIN) | 199559 |
| Ключова дума | Франция |
| 852 ## - Местоположение | |
| Форматна сигнатура | Рф 882 |
| Фондова буква | Редки и ценни |
| 999 ## - СИСТЕМНИ КОНТРОЛНИ НОМЕРА | |
| Koha biblionumber | 390776 |
| Koha biblioitemnumber | 390776 |
| 942 ## - АРТИКУЛИ | |
| Вид на библиотечния материал | Книги |
| Скрит в OPAC | Не |
| Периодичен библиозапис | Да |
| 944 ## - СЪЗДАВАНЕ И РЕДАКЦИЯ на ЗАПИСА | |
| Създаване/Редакция | Създаване |
| Дата на регистрацията/редакция | 2020-10-28 |
| Служител, извършил регистрацията/редакцията | ТД |
| 999 ## - СИСТЕМНИ КОНТРОЛНИ НОМЕРА | |
| Koha biblioitemnumber | 390776 |
| 999 ## - СИСТЕМНИ КОНТРОЛНИ НОМЕРА | |
| Koha biblioitemnumber | 390776 |
| 999 ## - СИСТЕМНИ КОНТРОЛНИ НОМЕРА | |
| Koha biblioitemnumber | 390775 |
| 999 ## - СИСТЕМНИ КОНТРОЛНИ НОМЕРА | |
| Koha biblioitemnumber | 390775 |
| 999 ## - СИСТЕМНИ КОНТРОЛНИ НОМЕРА | |
| Koha biblioitemnumber | 344864 |
| 999 ## - СИСТЕМНИ КОНТРОЛНИ НОМЕРА | |
| Koha biblioitemnumber | 344864 |
| Код за отписване | Код за изгубен артикул | Източник на класификационната схема | Код за повреда | Коз за рестрикции | Код за отдаване | Артикулен № | Име на библиотеката - собственик | Име на библиотеката, в която се намира в момента | Статус (Текущо местоположение) | Дата на вписване в системата | Местоположение - отдел | Цена в лева | Инвентарен номер | Систематично азбучна сигнатура | Баркод | Цена в евро | Служебен тип на артикула |
|---|---|---|---|---|---|---|---|---|---|---|---|---|---|---|---|---|---|
| Не е изгубен | Universal Decimal Classification | Не е повреден | само за читалня | Специални фондове ( старопечатни, редки и ценни, фонд М. Арнаудов) | 804356 | Регионална библиотека "Любен Каравелов" Русе | Регионална библиотека "Любен Каравелов" Русе | Редки и ценни | 2020-10-30 | Редки и ценни | 1.38 | 14000 | Рф 882 | 900000037758 | 0.71 | Книги |